| 000 | 00608nam a2200241 a 4500 | ||
|---|---|---|---|
| 001 | 0001-0955 | ||
| 003 | ELIB.Books | ||
| 008 | 140910 2010 eng | ||
| 020 | _a0883445743 | ||
| 035 | _a(ELIB.Books)0001-1109 | ||
| 092 |
_a230 _bHoo |
||
| 100 | _aHoornaert, Eduardo | ||
| 245 | _aThe Memory of the Christian People | ||
| 260 |
_aMaryknoll: _bOrbis Books _c1988 |
||
| 300 |
_a304 _c20.7 Cm |
||
| 500 | _aDr. Yahalaylayla | ||
| 650 | _aTheology | ||
| 856 |
_nKBTS; Library _uKBTS; Elib. |
||
| 942 |
_2ddc _cBK |
||
| 990 | _a1 | ||
| 998 |
_cbat _e2014-09-10 |
||
| 999 |
_c10955 _d10955 |
||